Statistics for All Teams Ever Managed by Manuel Pellegrini

Click here to take the quiz!

General Stats

  • This quiz has been taken 52 times
  • The average score is 6 of 15

Answer Stats

YearsAnswer% Correct
2013-2016Manchester City
90%
2009-2010Real Madrid
75%
2004-2009Villarreal
63%
2020-Real Betis
60%
2010-2013Málaga CF
52%
2018-2019West Ham United
50%
2002-2003River Plate
40%
1988-1989Universidad de Chile
29%
1994-1996Universidad Católica
23%
1998CD Palestino
21%
1990-1991CD Palestino
21%
1992-1993O'Higgins FC
17%
2001-2002San Lorenzo
17%
1999-2000Liga de Quito
8%
2016-2018Hebei China Fortune
6%

Score Distribution

Percentile by Number Answered

Percent of People with Each Score

Your Score History

You have not taken this quiz